01385nam a2200337Ia 4500001001200000003000800012006001900020007001500039008004100054020001500095040002100110035002000131050003000151082002600181245014200207260004100349300001700390490004500407504004100452533015200493650003500645650004200680655002900722700003400751700002700785700002700812710001700839830004600856856012600902999001901028ebr10046598CaPaEBRm u cr cn|||||||||030501s2003 dcu sb 000 0 eng d z0821353640 aCaPaEBRcCaPaEBR a(OCoLC)5566440214aRA643.86.L29bH585 2003eb04a362.1/969792/009822100aHIV/AIDS in Latin Americah[electronic resource] :bthe challenges ahead /cAnabela Garcia-Abreu, Isabel Noguer, Karen Cowgill [editors]. aWashington, DC :bWorld Bank,c2003. axxvi, 331 p.1 aHealth, nutrition, and population series aIncludes bibliographical references. aElectronic reproduction.bPalo Alto, Calif. :cebrary,d2009.nAvailable via World Wide Web.nAccess may be limited to ebrary affiliated libraries. 0aAIDS (Disease)zLatin America. 0aCommunicable diseaseszLatin America. 7aElectronic books.2local1 aGarcia-Abreu, Anabela,d1955-1 aNoguer, Isabel,d1956-1 aCowgill, Karen,d1967-2 aebrary, Inc. 0aHealth, nutrition, and population series.40uhttp://site.ebrary.com/lib/rucke/Doc?id=10046598zAn electronic book accessible through the World Wide Web; click to view c178953d178953